Psychologický rozbor školských neúspechov žiakov (na porovnanie výkonových a vývinových závislostí u neprospievajúcich žiakov ZDŠ)

Bibliographic Details
Main Author: Hvozdík, Ján, 1918-1997 (Author)
Format: Book
Language:Slovak
PhysicalDescription:318 strán grafy, tabuľky 8°
Published: Bratislava Slovenské pedagogické nakladateľstvo 1970
Edition:1. vyd.
Series:Základné pedagogické a psychologické diela
Subjects:

MARC

LEADER 00000cam a2200000 a 4500
001 vtls008326574
003 SK-MaSNL
005 20260302020143.0
008 230501s1970 xo dl frnf 000 0 slo
015 |a SNBA1970/06-01301 
020 |q (viazané) 
035 |a SK01SNK19700018791 
035 |a 55F9CC63-945C-4441-90A9-5198DD915F46 
035 |a urn:nbn:sk:snk-am00ihei 
035 |a SKM000021254 
040 |a SNK  |b slo  |c SNK  |e AACR2 
041 0 |a slo  |b eng  |b rus 
044 |a xo  |c SK 
072 7 |a 37  |x Výchova a vzdelávanie  |2 konspekt 
080 |a 37.015.3:371.212.7  |2 2001 
080 |a 371.212.7:37.015.3  |2 2001 
080 |a 371.261  |2 2001 
080 |a 37.015.3  |2 2011 
080 |a 373.3  |2 2011 
080 |a (035)  |2 2011 
100 1 |a Hvozdík, Ján,  |d 1918-1997  |4 aut  |9 108478 
245 1 0 |a Psychologický rozbor školských neúspechov žiakov  |b (na porovnanie výkonových a vývinových závislostí u neprospievajúcich žiakov ZDŠ)  |c J. Hvozdík 
250 |a 1. vyd. 
260 |a Bratislava  |b Slovenské pedagogické nakladateľstvo  |c 1970  |e Prešov  |f Dukelské tlačiarne 
300 |a 318 strán  |b grafy, tabuľky  |c 8° 
366 |e 3150 výtl. 
490 1 |a Základné pedagogické a psychologické diela 
504 |a Obsahuje bibliografické odkazy 
546 |a Anglické a ruské resumé 
650 0 7 |a žiaci  |2 SNKPH  |9 16621 
650 0 7 |a školská psychológia  |2 SNKPH  |9 67168 
650 0 7 |a základné školy  |2 SNKPH  |9 1280 
650 0 7 |a školský prospech  |2 SNKPH  |9 3978 
655 7 |a príručky  |2 SNKPH  |9 74364 
830 0 |a Základné pedagogické a psychologické diela  |9 287061 
852 |a Slovenská národná knižnica 
954 |a odborná, vedecká literatúra pôvodná (slovenská)  |2 lita 
958 |a NB 
958 |a TL 
958 |a RK 
958 |a OND 
958 |a EUIPO 
999 |c 1024019  |d 1025949 
952 |t P60, <04>, [BOOK], {604}  |a SNK  |b SNK  |y VYP  |7 0  |p 17A0010836  |o snkSC 26151 D2  |0 0  |1 0  |4 0  |d 1996-09-30  |l 0  |r 2005-01-01 00:00:00  |w 2026-02-24 
952 |t P60, <04>, [BOOK], {604}  |a SNK  |b SNK  |y VYP  |7 0  |p 17A0060521  |o snkSC 26151 D1  |0 0  |1 0  |4 0  |d 1997-04-14  |l 0  |r 2005-01-01 00:00:00  |w 2026-02-24 
952 |t P60, <03>, [BOOK], {603}  |a SNK  |b SNK  |y PREZ  |7 0  |p 17A0104037  |o snkSC 26151  |i snkKSP 4763/70  |0 0  |1 0  |4 0  |d 1997-10-16  |f 1  |l 0  |r 2005-01-01 00:00:00  |w 2026-02-24